000 00783nam a2200229Ia 4500
001 11129
003 GE_BSU
008 181216s||||||||xx |||||||||||||| ||und||
040 _cGE_BSU
245 _aВестник Древней истории 2(289) Апрель-май июль 2014
245 _bJournal of ancient history
245 _cГл. ред. А.И.Иванчук и др.
260 _aМосква
260 _bНаука
260 _c2014
300 _a240стр.25см
520 _aЖурнал выход четыре раза в год основан в 1937 г.
653 _aВестник Древней истории. 2(289) Апрель-май июль 2014
653 _aПериодика
653 _aპერიოდიკა
942 _cCR
999 _c44367
_d44367